[Event "RSA-chT U18"]
[Site "Cape Town"]
[Date "2016.01.04"]
[Round "1.5"]
[White "Kara, Nabeel"]
[Black "Dalpat, Matthew"]
[Result "1/2-1/2"]
[WhiteElo "1219"]
[BlackElo "1271"]
[PlyCount "71"]
[EventDate "2016.01.04"]
[EventType "team-tourn"]
[EventRounds "7"]
[EventCountry "RSA"]
[SourceTitle "CBM 170 Extra"]
[Source "ChessBase"]
[SourceDate "2016.02.25"]
[SourceVersion "1"]
[SourceVersionDate "2016.02.25"]
[SourceQuality "1"]
[WhiteTeam "Ethekwini"]
[BlackTeam "Nelson Mandela Bay"]
[WhiteTeamCountry "RSA"]
[BlackTeamCountry "RSA"]

1. e4 e5 2. Nf3 d6 3. Bc4 Be7 4. h3 Nf6 5. d3 0-0 6. Nc3 Bd7 7. 0-0 Nc6 8. a3 Qc8 9. Kh2 h6 10. Ng1 Nd4 11. Nge2 Nxe2 12. Qxe2 c6 13. f4 exf4 14. Bxf4 Re8 15. Qf3 Be6 16. Bxe6 Qxe6 17. Rae1 Qd7 18. Kh1 Rad8 19. Bd2 Bf8 20. Bxh6 gxh6 21. Qxf6 Bg7 22. Qf3 Re6 23. Qf5 d5 24. Nd1 dxe4 25. Rxe4 Rxe4 26. Qxe4 Re8 27. Qf3 Qd5 28. Qf2 b6 29. Nc3 Qe6 30. Qf3 Re7 31. Qg4 Qg6 32. Qh4 Qg5 33. Qc4 Bxc3 34. bxc3 c5 35. d4 cxd4 36. cxd4 1/2-1/2

[Event "RSA-chT U18"]
[Site "Cape Town"]
[Date "2016.01.04"]
[Round "2.5"]
[White "Moloto, Nnani"]
[Black "Dalpat, Matthew"]
[Result "1-0"]
[WhiteElo "1249"]
[BlackElo "1271"]
[PlyCount "64"]
[EventDate "2016.01.04"]
[EventType "team-tourn"]
[EventRounds "7"]
[EventCountry "RSA"]
[SourceTitle "CBM 170 Extra"]
[Source "ChessBase"]
[SourceDate "2016.02.25"]
[SourceVersion "1"]
[SourceVersionDate "2016.02.25"]
[SourceQuality "1"]
[WhiteTeam "Capricorn"]
[BlackTeam "Nelson Mandela Bay"]
[WhiteTeamCountry "RSA"]
[BlackTeamCountry "RSA"]

1. d4 d5 2. f4 e6 3. Nf3 Nc6 4. e3 Nf6 5. Bd3 Bd6 6. Nbd2 Bd7 7. 0-0 Ng4 8. Qe2 h5 9. Ne5 Bxe5 10. fxe5 Qh4 11. Nf3 Qe7 12. h3 Nh6 13. Nh2 Nf5 14. Bxf5 exf5 15. Qf3 Qe6 16. h4 0-0-0 17. Bd2 Rdg8 18. Qg3 f6 19. Nf3 fxe5 20. Nxe5 Nxe5 21. Qxe5 Qxe5 22. dxe5 Re8 23. Bc3 Rhg8 24. Rad1 c6 25. b4 g5 26. hxg5 Rxg5 27. a4 Rg4 28. a5 Rc4 29. Rd3 a6 30. Rf2 Rg8 31. Rf4 Rxf4 32. exf4 Rg4 1-0